000 00481nam a2200193Ia 4500
005 20240823054456.0
008 240823s9999||||xx |||||||||||||| ||und||
020 _a81-219-2232-1
041 _aENGLISH
082 _A511.6 Q3
100 _aSwapan Kumar Sarkar
245 2 _aA Textbook of Discrete Mathematics
250 _a8th
260 _c2013
_b"S.Chand & Co,New Delhi"
500 _aYES
650 _aDiscrete Mathematics
_bMathematics
942 _cBK
999 _c226545
_d226545